000 00692nam a2200169 a 4500
001 000031104
005 20200930062716.0
008 110613s1918 dr 000 0 spa d
040 _aDO-SdBNP
_bspa
_cBNPHU
041 1 7 _aeng
082 _axxxx
_bxxxx
110 1 _aRepública Dominicana
_9447
245 1 0 _aReport of the eleventh fiscal period :
_bDominican customs receivership under the American-Dominican convention of 1907, for the period january 1 to decmber 31, 1917.
246 1 0 _aFirst-Seventh annual report, Dominican customs receivership under the American-Dominican convention, 1907
260 _aWashington :
_bGovt. print. off.,
_c1918.
300 _a2 v. con varias paginaciones.
999 _c30596
_d30596